Imiona nadane dziewczynkom w 2010 roku - Statystyki

Ogólne statystyki
  • Ten quiz został rozwiązany 64 razy
  • Średni wynik to 67 z 100
Statystyki odpowiedzi
Odpowiedź % Poprawnych
J Julia
98%
M Maria
98%
V Victoria
96%
Z Zuzanna
96%
N Natalia
93%
W Wiktoria
93%
A Anna
91%
L Lena
91%
O Olivia
91%
O Oliwia
91%
M Maja
89%
M Maya
89%
P Patrycja
89%
Z Zofia
89%
A Aleksandra
87%
A Alicja
87%
H Hanna
87%
K Katarzyna
87%
D Dominika
85%
K Karolina
85%
M Martyna
85%
W Weronika
85%
Ł Łucja
83%
P Paulina
83%
B Barbara
80%
M Monika
80%
N Nicola
80%
N Nikola
80%
A Agnieszka
78%
A Agata
76%
K Klaudia
76%
M Magdalena
76%
M Małgorzata
76%
M Marta
76%
R Róża
76%
U Urszula
76%
A Amelia
74%
D Daria
74%
H Helena
74%
J Joanna
74%
K Kamila
74%
L Laura
74%
N Nadia
74%
G Gabriela
72%
J Jagoda
72%
A Anastazja
70%
E Emilia
70%
I Izabela
70%
M Milena
70%
P Pola
70%
M Michalina
67%
N Nina
67%
O Olga
67%
A Antonina
65%
D Dorota
65%
E Ewa
65%
I Iga
65%
J Justyna
65%
S Sandra
65%
R Rozalia
63%
S Sara
63%
S Sylwia
63%
K Kinga
61%
B Blanka
59%
E Ewelina
59%
K Klara
59%
K Kornelia
59%
R Roksana
59%
A Aniela
57%
E Eliza
57%
L Lilianna
57%
M Marcelina
57%
L Lidia
54%
M Marianna
54%
K Kaja
52%
N Nela
52%
A Adrianna
50%
B Bianka
50%
K Kalina
50%
M Matylda
50%
S Sonia
50%
T Tatiana
50%
J Julita
48%
L Liliana
48%
L Liwia
48%
M Malwina
48%
M Marlena
48%
V Vanessa
48%
A Aurelia
46%
A Angelika
43%
N Natasza
43%
J Julianna
41%
A Ada
39%
K Karina
39%
M Marika
39%
A Anita
37%
D Dagmara
35%
J Judyta
35%
J Jessica
30%
N Nicole
26%
Nie znaleziono quizów pasujących do podanych kryteriów
Rozkład punktacji
Procent ludzi z każdym wynikiem
Percentyl według liczby udzielonych odpowiedzi
Twoja historia wyników
Nie rozwiązałeś tego quizu